Library Logo

বড়ু চণ্ডীদাসের শ্রীকৃষ্ণকীর্তন কাব্যের পুনর্মূল্যায়ন / (Record no. 118347)

000 -LEADER
fixed length control field 00886nam a22002177a 4500
003 - CONTROL NUMBER IDENTIFIER
control field BD-DhUL
005 - DATE AND TIME OF LATEST TRANSACTION
control field 20171221100544.0
008 - FIXED-LENGTH DATA ELEMENTS--GENERAL INFORMATION
fixed length control field 161026b2006 ii |||| |||| 000 0 ben d
020 ## - INTERNATIONAL STANDARD BOOK NUMBER
International Standard Book Number 8184370113
040 ## - CATALOGING SOURCE
Original cataloging agency BD-DhUL
Transcribing agency BD-DhUL
082 ## - DEWEY DECIMAL CLASSIFICATION NUMBER
Classification number 891.449
Item number ROB
100 1# - MAIN ENTRY--PERSONAL NAME
Personal name রায়চৌধুরী, পার্শ্বনাথ
245 ## - TITLE STATEMENT
Title বড়ু চণ্ডীদাসের শ্রীকৃষ্ণকীর্তন কাব্যের পুনর্মূল্যায়ন /
250 ## - EDITION STATEMENT
Edition statement সংশোধিত ও পরিমার্জিত ২য়
260 ## - PUBLICATION, DISTRIBUTION, ETC. (IMPRINT)
Place of publication, distribution, etc. নয়াদিল্লী :
Name of publisher, distributor, etc. করুণা
Date of publication, distribution, etc. ২০০৬.
300 ## - PHYSICAL DESCRIPTION
Extent ২৭২ পৃ. :
Dimensions ২১ সে.মি.।
650 ## - SUBJECT ADDED ENTRY--TOPICAL TERM
Topical term or geographic name as entry element বাংলা পত্র
650 ## - SUBJECT ADDED ENTRY--TOPICAL TERM
Topical term or geographic name as entry element Bengali Letter
700 ## - ADDED ENTRY--PERSONAL NAME
Personal name শ্রীসুকুমার সেন
942 ## - ADDED ENTRY ELEMENTS (KOHA)
Source of classification or shelving scheme
Koha item type Books
Holdings
Price effective from Date last seen Permanent Location Not for loan Date acquired Source of classification or shelving scheme Koha item type Lost status Withdrawn status Copy number Source of acquisition Collection code Damaged status Shelving location Barcode Current Location Full call number
2016-10-312016-10-31Dhaka University Library 2016-10-31 Books  1PurchasedNon Fiction General Stacks492160Dhaka University Library891.449 ROB
2016-10-312016-10-31Dhaka University Library 2016-10-31 Books  2PurchasedNon Fiction General Stacks492161Dhaka University Library891.449 ROB
2016-10-312016-10-31Dhaka University Library 2016-10-31 Books  3PurchasedNon Fiction General Stacks492162Dhaka University Library891.449 ROB
2016-10-312016-10-31Dhaka University Library 2016-10-31 Books  4PurchasedNon Fiction General Stacks492163Dhaka University Library891.449 ROB
2016-10-312016-10-31Dhaka University Library 2016-10-31 Books  5PurchasedNon Fiction General Stacks492164Dhaka University Library891.449 ROB
Last Updated on September 15, 2019
© Dhaka University Library. All Rights Reserved|Staff Login